Bundesländer Deutschlands nach Einwohnerzahl - Statistiken

Allgemein
  • Dieses Quiz wurde 427 mal gespielt
  • Das Durchschnittsergebnis liegt bei 15 aus 16
Antwortstatistiken
Einwohnerzahl so viel wie... Hinweis Name des Bundeslandes % Korrekt
13.100.000 im Südsudan B Bayern
99%
11.000.000 in Bolivien B Baden-Württemberg
97%
17.900.000 in Kasachstan N Nordrhein-Westfalen
97%
8.000.000 in Togo N Niedersachsen
96%
6.200.000 im Libanon H Hessen
95%
4.081.000 in Kroatien S Sachsen
94%
3.600.000 in Uruguay B Berlin
93%
4.078.000 in Panama R Rheinland-Pfalz
92%
1.800.000 in Kosovo H Hamburg
90%
568.000 in Suriname B Bremen
88%
2.151.000 in Nordmazedonien T Thüringen
88%
1.000.000 in Dschibuti S Saarland
86%
2.500.000 in Namibia B Brandenburg
85%
1.600.000 in Bahrain M Mecklenburg-Vorpommern
85%
2.214.000 in Lesotho S Sachsen-Anhalt
85%
2.900.000 in Jamaica S Schleswig-Holstein
85%
Keine übereinstimmenden Quizze gefunden
Verteilung der Resultate
Anzahl Personen mit jedem Resultat
Perzentil nach korrekt beantworteten Fragen
Ihre Resultats-Entwicklung
Sie haben dieses Quiz noch nicht gespielt